| 000 | 00409nam a22001697a 4500 | ||
|---|---|---|---|
| 003 | MPLRDC | ||
| 005 | 20220104113642.0 | ||
| 008 | 210129b ||||| |||| 00| 0 eng d | ||
| 020 | _a962-257-001-1 | ||
| 082 | _a848.3 YS v.1 | ||
| 100 | _a亦舒著 | ||
| 245 |
_a豆芽集. 第一集 _c |
||
| 260 |
_a _b天地图书有限公司 _c1989 |
||
| 300 | _b平 | ||
| 650 | _a现代别集 | ||
| 942 |
_cBK _o848.3 YS v.1 |
||
| 999 |
_c1301 _d1291 |
||